[Event "4NCL Division 1b"]
[Site "Hinckley Island ENG"]
[Date "2014.03.22"]
[Round "7.181"]
[White "Mah, Karl CC"]
[Black "Conquest, Stuart C"]
[Result "0-1"]
[WhiteElo "2406"]
[BlackElo "2490"]
[PlyCount "142"]
[EventDate "2014.03.22"]
[WhiteTeam "Cambridge University 1"]
[BlackTeam "e2e4.org.uk 1"]

1. c4 e5 2. g3 Nf6 3. Bg2 h6 4. Nc3 Bb4 5. e3 Bxc3 6. bxc3 O-O 7. e4 c6 8. Ne2
d5 9. cxd5 cxd5 10. exd5 Nxd5 11. O-O Nc6 12. h3 Re8 13. d3 Bf5 14. Qb3 Nb6 15.
Rd1 Qd7 16. Kh2 Rad8 17. Be3 Nd5 18. Rd2 Na5 19. Qxd5 Qxd5 20. Bxd5 Rxd5 21.
Rad1 Red8 22. Nc1 b6 23. g4 {(=)} Bg6 24. c4 R5d7 25. c5 bxc5 26. Bxc5 Nc6 27.
Kg2 f6 28. f3 Rd5 29. Be3 R8d6 30. Kf2 a6 31. a3 Rb5 32. Ne2 Rb3 33. d4 exd4
34. Nxd4 Rxa3 35. Nxc6 Rxc6 36. Bd4 a5 37. Ra1 Rxa1 38. Bxa1 a4 39. Bb2 Rb6 40.
Bc1 Rb1 41. Rd8+ Kf7 42. Rc8 Ke6 43. Rc3 Kd5 44. Ke3 Be8 45. h4 Bb5 46. h5 Bc4
47. Ba3 Rb8 48. Kf4 Kd4 49. Re3 Bd5 50. Re1 Bxf3 51. Bd6 Rb3 52. Bf8 Bb7 53.
Rd1+ Kc4 54. Rc1+ Kd3 55. Kf5 Rb5+ 56. Ke6 Rg5 57. Rc7 Bd5+ 58. Kd6 a3 59. Bxg7
Bc4 60. Bxf6 Rxg4 61. Ke7 a2 62. Ra7 Rf4 63. Ra5 Rf1 64. Bh8 Ke4 65. Ra4 Kd5
66. Ra5+ Kc6 67. Bd4 Rf7+ 68. Ke8 Rf4 69. Rc5+ Kb6 70. Rxc4+ Rxd4 71. Rc1 Rf4
0-1

[Event "4NCL Division 1b"]
[Site "Hinckley Island ENG"]
[Date "2014.03.22"]
[Round "7.182"]
[White "Jackson, James P"]
[Black "Dearing, Edward J"]
[Result "1/2-1/2"]
[WhiteElo "2262"]
[BlackElo "2412"]
[PlyCount "179"]
[EventDate "2014.03.22"]
[WhiteTeam "e2e4.org.uk 1"]
[BlackTeam "Cambridge University 1"]

1. e4 c5 2. d4 cxd4 3. c3 Nf6 4. e5 Nd5 5. Nf3 e6 6. cxd4 d6 7. a3 Nc6 8. Bd3
dxe5 9. dxe5 g6 10. O-O Bg7 11. Re1 O-O 12. Be4 Qc7 13. Bxd5 exd5 14. Nc3 Be6
15. Bf4 Rad8 16. Qd2 Qb6 17. b4 Bg4 18. Nxd5 Qb5 19. Rad1 Rd7 20. Qd3 Qxd3 21.
Rxd3 Kh8 22. b5 Bxf3 23. gxf3 Rfd8 24. bxc6 bxc6 25. Nb4 Rxd3 26. Nxd3 Rxd3 27.
Rb1 h5 {(=)} 28. Rb8+ Kh7 29. Rb7 Rxf3 30. Be3 Bxe5 31. Rxa7 Kg7 32. a4 Bc3 33.
a5 Rf5 34. Bb6 Rb5 35. Kf1 c5 36. Bc7 c4 37. a6 Rb1+ 38. Ke2 Bd4 39. Ra8 Rb2+
40. Kd1 Ra2 41. Rd8 Bf6 42. Rd6 c3 43. Rc6 Bd4 44. Rc4 Bf6 45. Rc6 Bd4 46. Rc4
Bxf2 47. Be5+ Kh7 48. Bxc3 Rxa6 49. Rf4 Bg1 50. Rxf7+ Kg8 51. Rg7+ Kf8 52. h3
Rc6 53. Bb2 Bc5 54. Rd7 Bd6 55. Bg7+ Ke8 56. Rb7 Rc4 57. Rb3 Kf7 58. Bb2 Ke6
59. Rf3 Bf4 60. Rb3 Kf5 61. Ke2 Ke4 62. Bc3 Bd6 63. Bd2 Bc5 64. Rg3 Kf5 65.
Rf3+ Ke6 66. Bc3 Be7 67. Kd3 Ra4 68. Re3+ Kd7 69. Re4 Ra3 70. Re3 g5 71. Ke4
Ke6 72. Kf3+ Kf7 73. Ke4 Ra4+ 74. Kf3 g4+ 75. hxg4 hxg4+ 76. Kg2 Bc5 77. Re2
Ra3 78. Be5 Kg6 79. Rc2 Be7 80. Bg3 Kf5 81. Rf2+ Kg6 82. Re2 Bf6 83. Rf2 Rd3
84. Rf4 Kg5 85. Rf2 Bd4 86. Re2 Kf5 87. Rc2 Ke4 88. Re2+ Kf5 89. Ra2 Rd1 90.
Re2 1/2-1/2

[Event "4NCL Division 1b"]
[Site "Hinckley Island ENG"]
[Date "2014.03.22"]
[Round "7.183"]
[White "Camus de Solliers, Guillaume"]
[Black "Sowray, Peter J"]
[Result "0-1"]
[WhiteElo "2351"]
[BlackElo "2347"]
[PlyCount "68"]
[EventDate "2014.03.22"]
[WhiteTeam "Cambridge University 1"]
[BlackTeam "e2e4.org.uk 1"]

1. d4 d5 2. c4 dxc4 3. Nf3 c6 4. e3 Be6 5. a4 Nf6 6. Na3 c5 7. Nxc4 Nc6 8. Nce5
Bd5 9. Bb5 a6 10. Bxc6+ bxc6 11. dxc5 g6 12. b4 Bg7 13. Bb2 O-O 14. O-O Rb8 15.
Nd3 a5 16. Be5 Rb7 17. bxa5 Qxa5 18. Nd4 Nd7 19. Bxg7 Kxg7 20. Nf4 Bc4 21. Nxc6
Qxc5 22. Rc1 e5 23. Qf3 exf4 24. Ne5 Nxe5 25. Qxb7 fxe3 26. Qb2 Kg8 27. Qc3
exf2+ 28. Kh1 Rc8 29. Qf3 Nd3 30. Rc2 Qf5 31. h3 Qe6 32. Qg4 Qxg4 33. hxg4 Nb4
34. Rc3 Bxf1 0-1

[Event "4NCL Division 1b"]
[Site "Hinckley Island ENG"]
[Date "2014.03.22"]
[Round "7.184"]
[White "Eden, Tomer"]
[Black "Bisby, Daniel L"]
[Result "0-1"]
[WhiteElo "2228"]
[BlackElo "2314"]
[PlyCount "80"]
[EventDate "2014.03.22"]
[WhiteTeam "e2e4.org.uk 1"]
[BlackTeam "Cambridge University 1"]

1. Nf3 d6 2. c4 g6 3. Nc3 Bg7 4. g3 Nf6 5. Bg2 O-O 6. O-O a6 7. d4 Nc6 8. d5
Na5 9. Nd2 c5 10. h3 Rb8 11. a3 Bd7 12. Rb1 Qc8 13. Kh2 b5 14. cxb5 axb5 15.
Nde4 b4 16. axb4 Rxb4 17. Nxf6+ Bxf6 18. Ne4 Bg7 19. Bd2 Rd4 20. Qc2 Ba4 21. b3
Nxb3 22. Rxb3 c4 23. Bc3 cxb3 24. Qb2 Rxe4 25. Bxg7 Rc4 26. Bh6 f6 27. h4 Rf7
28. Bh3 f5 29. Rd1 Qc5 30. Be3 Rc2 31. Qa1 Qb4 32. Rd4 b2 33. Qb1 Qb3 34. Rd3
Qc4 35. Rd4 Qb3 36. Rd3 Qb5 37. Bd4 Rf8 38. g4 Rb8 39. gxf5 Rc1 40. fxg6 hxg6
0-1

[Event "4NCL Division 1b"]
[Site "Hinckley Island ENG"]
[Date "2014.03.22"]
[Round "7.185"]
[White "Eckersley-Waites, Adam"]
[Black "Ross, Chris N"]
[Result "1-0"]
[WhiteElo "2275"]
[BlackElo "2226"]
[PlyCount "119"]
[EventDate "2014.03.22"]
[WhiteTeam "Cambridge University 1"]
[BlackTeam "e2e4.org.uk 1"]

1. e4 c5 2. Nf3 e6 3. d4 cxd4 4. Nxd4 Nc6 5. Nc3 Qc7 6. Be3 a6 7. Bd3 Nf6 8.
O-O Ne5 9. Nf3 d6 10. Nxe5 dxe5 11. Na4 Bd7 12. c4 Be7 13. c5 O-O 14. Nb6 Rad8
15. Qe2 Bc6 16. f3 Nd7 17. Nxd7 Rxd7 18. b4 Ba4 19. Bc4 Qd8 20. b5 Qa5 21. Rab1
Ra8 22. c6 bxc6 23. bxa6 Bc5 24. Rb7 Bxe3+ 25. Qxe3 Rd4 26. Bxe6 Rf8 27. a7 h6
28. Bxf7+ Rxf7 29. Rb8+ Rf8 30. Qa3 Rdd8 31. a8=Q Qxa8 32. Rxa8 Rxa8 33. Qc5
Bb5 34. Ra1 Ra4 35. Qxe5 Rfa8 36. Rd1 R4a7 37. h4 Bc4 38. Qc5 Bf7 39. Qxc6 Rxa2
40. Rd7 R2a7 41. Rd6 Re8 42. Kh2 Rae7 43. g4 Re6 44. h5 Rxd6 45. Qxd6 Re6 46.
Qb8+ Re8 47. Qb7 g6 48. hxg6 Bxg6 49. Kg3 Kf8 50. Qc7 Bf7 51. Qd6+ Kg7 52. e5
Re6 53. Qc7 Kf8 54. f4 Rg6 55. f5 Rg7 56. f6 Rg6 57. Qd8+ Be8 58. Qe7+ Kg8 59.
Qxe8+ Kh7 60. Qf7+ 1-0

[Event "4NCL Division 1b"]
[Site "Hinckley Island ENG"]
[Date "2014.03.22"]
[Round "7.186"]
[White "Evans, Raymond G"]
[Black "Bukojemski, Adam"]
[Result "1-0"]
[WhiteElo "2136"]
[BlackElo "2224"]
[PlyCount "83"]
[EventDate "2014.03.22"]
[WhiteTeam "e2e4.org.uk 1"]
[BlackTeam "Cambridge University 1"]

1. e4 c5 2. Nf3 e6 3. d4 cxd4 4. Nxd4 Qb6 5. Nb3 Qc7 6. Bd3 Nc6 7. O-O Nf6 8.
Nc3 a6 9. f4 d6 10. Qe2 Be7 11. Bd2 O-O 12. Rae1 Nd7 13. Rf3 g6 14. Rh3 b5 15.
Rf1 Bf6 16. f5 Nce5 17. g4 Qd8 18. Rg3 Bh4 19. Rg2 b4 20. Nd1 exf5 21. gxf5 Bf6
22. Ne3 a5 23. Nd5 Bh8 24. f6 Re8 25. Bg5 h6 26. Bxh6 Bb7 27. Ne7+ Rxe7 28.
fxe7 Qxe7 29. Bg5 f6 30. Be3 Bg7 31. Nd4 Rf8 32. Bf4 Nc5 33. Bxe5 Qxe5 34. Nf3
Qh5 35. Bc4+ Kh7 36. Nd2 f5 37. Qxh5+ gxh5 38. Bd5 fxe4 39. Rxf8 Bxd5 40. Rf5
Bc6 41. Rxh5+ Bh6 42. Nb3 1-0

[Event "4NCL Division 1b"]
[Site "Hinckley Island ENG"]
[Date "2014.03.22"]
[Round "7.188"]
[White "Norinkeviciute, Rasa"]
[Black "Kueh, Audrey"]
[Result "1-0"]
[WhiteElo "2021"]
[BlackElo "2089"]
[PlyCount "73"]
[EventDate "2014.03.22"]
[WhiteTeam "e2e4.org.uk 1"]
[BlackTeam "Cambridge University 1"]

1. c4 g6 2. Nc3 Bg7 3. g3 Nf6 4. Bg2 O-O 5. d3 d6 6. e4 Nc6 7. Nge2 e5 8. O-O
Nd7 9. Be3 Nc5 10. d4 exd4 11. Nxd4 Ne5 12. b3 Ne6 13. Nde2 Qf6 14. f3 Nc6 15.
Qd2 g5 16. Rad1 Kh8 17. Bh3 Qh6 18. Bg4 Ne5 19. Bf5 Qh5 20. g4 Qh3 21. Ng3 Nf4
22. Nd5 Bxf5 23. exf5 Ned3 24. f6 Bh6 25. Nf5 Rae8 26. Bxf4 Nxf4 27. Nde7 Ng6
28. Rde1 Nh4 29. Nxh4 Qxh4 30. Re4 Qh3 31. Qe3 Rd8 32. Rd1 Rfe8 33. Re1 Bf8 34.
Ng6+ hxg6 35. Rxe8 Rxe8 36. Qxe8 Kg8 37. Re7 1-0